Counties of Estonia (map) Quiz Stats

 Plays Quiz not verified by Sporcle

Challenge
Share
Tweet
Score 0/15 Timer 07:00
0 Plays Today
% Correct
Hiiu
92%
Saare
91.7%
Tartu
90.8%
Lääne
87.1%
Harju
85.7%
Pärnu
84.9%
Ida-Viru
84.4%
Lääne-Viru
83%
% Correct
Võru
80.3%
Rapla
75.2%
Valga
73.5%
Viljandi
72.3%
Põlva
70.8%
Jõgeva
69.3%
Järva
66.4%

You're not logged in!

Compare scores with friends on all Sporcle quizzes.
Join for Free
OR
Log In

You Might Also Like...

Show Comments

Extras

Created Oct 17, 2014SourceReportNominate
Tags:county, estonia, map

Top Quizzes Today


Score Distribution

Your Account Isn't Verified!

In order to create a playlist on Sporcle, you need to verify the email address you used during registration. Go to your Sporcle Settings to finish the process.

Report this User

Report this user for behavior that violates our Community Guidelines.

Details: